000 00813nam0a22002411 4500
001 rc\2582913
005 20110914164300.0
035 _a(NLR Aleph) 006747342
090 _a5707869
_c5707869
100 _a20110914d1927 |||y0rusy50 ca
101 0 _arus
102 _aRU
105 _ay z |||||
200 1 _aБюджет и налоговая политика
210 _a[Харьков]
_cПролетарий
_d1927
_g1-я тип. изд-ва "Пролетарий"
215 _a54 с., [2] с., из них [1] с. объявл.
_d18х13 см.
225 1 _aК X съезду КПбУ и XV-у съезду ВКП(б)
700 1 _aАрсон
_bС. И.
_gСоломон Иосифович
801 0 _aRU
_bNLR
_gpsbo
801 1 _aRU
_bELAR
_2rusmarc
852 _aNLR
_j61/2189
942 _cBOOK
980 _aNB